Countries with embassies and consulates in Chicago - Statistics

General Stats
  • This quiz has been taken 61 times
  • The average score is 38 of 50
Answer Stats
Continent Country % Correct
South America Argentina
98%
Oceania Australia
94%
South America Brazil
94%
South America Colombia
92%
Europe Germany
92%
North America Canada
90%
Europe United Kingdom
90%
South America Chile
88%
Europe France
88%
Europe Spain
88%
Europe Italy
86%
Asia China
84%
Europe Denmark
84%
Asia India
84%
North America Mexico
84%
Europe Poland
84%
Europe Switzerland
84%
Europe Greece
82%
Europe Ireland
82%
Asia Japan
82%
Asia/ Europe Turkey
82%
Europe Czech Republic
80%
North America Costa Rica
76%
North America Honduras
76%
Asia South Korea
76%
Europe Austria
75%
South America Ecuador
75%
North America Haiti
75%
Europe Hungary
75%
Asia Indonesia
75%
South America Peru
75%
Africa South Africa
75%
South America Venezuela
75%
Europe Croatia
73%
North America Guatemala
73%
Europe the Netherlands
73%
Europe Bulgaria
71%
North America El Salvador
71%
South America Uruguay
71%
Africa Egypt
69%
Europe Serbia
69%
Europe Ukraine
69%
Asia Israel
65%
Europe Romania
65%
North America Dominican Republic
63%
Asia Thailand
61%
Asia Pakistan
59%
Europe Bosnia and Herzegovina
57%
Asia the Philippines
51%
Europe Macedonia
31%
No matching quizzes found
Score Distribution
Percent of People with Each Score
Percentile by Number Answered
Your Score History
You have not taken this quiz